🎶 Paroles "Laisse mon peuple s'en aller" (Les 10 commandements) - Statistiques

Statistiques générales
  • Ce quiz a Ă©tĂ© pris 23 fois
  • Le rĂ©sultat moyen est 144 sur 199
Statistiques - réponses
Mots % Correct
A
100%
l'
100%
Laisse
100%
mon
100%
peuple
100%
aller
92%
en
92%
le
92%
s'
92%
sa
92%
D'
83%
De
83%
de
83%
Et
83%
il
83%
les
83%
n'
83%
Nous
83%
ou
83%
partir
83%
un
83%
Un
83%
une
83%
des
75%
est
75%
lui
75%
ne
75%
on
75%
pas
75%
qu'
75%
Qu'
75%
que
75%
sous
75%
tout
75%
Au
67%
avons
67%
dans
67%
faire
67%
liberté
67%
nos
67%
peut
67%
Qui
67%
qui
67%
rien
67%
sur
67%
vos
67%
Comme
58%
du
58%
écrit
58%
elles
58%
esclavage
58%
jour
58%
libre
58%
libre...
58%
maîtres
58%
Parce
58%
Rends-
58%
Rends
58%
vies
58%
vivre
58%
Vivre
58%
Voir
58%
âme
50%
appris
50%
armes
50%
chiens
50%
derniers
50%
force
50%
gré
50%
interdit
50%
pari
50%
permis
50%
pleurer
50%
plier
50%
premiers
50%
soient
50%
terres
50%
bouleverser
42%
changer
42%
combat
42%
contenir
42%
passerons
42%
rages
42%
élancent
33%
envie
33%
mépriser
33%
moment
33%
rancœurs
33%
tiendrons
33%
violences
33%
bras
25%
chairs
25%
dorment
25%
peurs
25%
vaincront
25%
armeront
17%
nourrir
17%
Aucun quiz correspondant
Distribution des résultats
% des personnes avec chaque résultat
Percentile par nombre de réponses
Votre historique - résultats
Vous n’avez pas pris ce quiz